| 000 | 00696nam a2200229 a 4500 | ||
|---|---|---|---|
| 999 |
_c10916 _d10916 |
||
| 001 | 10916 | ||
| 003 | BD-JhCC | ||
| 005 | 20190622081942.0 | ||
| 008 | 190528b2017 bd ||||| a||| 00| 0 eng d | ||
| 020 | _a9847016400891 | ||
| 035 | _a(BD-JhCC)10916 | ||
| 040 |
_aBD-JhCC _dBD-JhCC |
||
| 041 | _aben | ||
| 082 |
_bAHM 2017 _a891.4409 |
||
| 100 | _aআহমেদ, সালেহ | ||
| 245 |
_aঅগ্নিঝরা জবানবন্দি / _cসালেহ আহমেদ, |
||
| 260 |
_aঢাকা: _bআফসার ব্রাদার্স; _c২০১৭. |
||
| 300 |
_a155 p.: _c22 cm. |
||
| 650 |
_aCriticism _vBengali Literature |
||
| 942 |
_2ddc _cBK |
||